|
|
|
|
| LEADER |
00895nam a22002171a 4500 |
| 020 |
|
|
|a 9780521663694
|c 0.00
|
| 040 |
|
|
|a SSUS - Library - Kalady
|
| 082 |
|
|
|a 959
|b NIC/C
|
| 100 |
|
|
|a Nicholas Tarling (ed.)
|
| 245 |
|
|
|a The Cambridge history of Southeast Asia (v.1 : from early times to c.1500)
|h [Text]
|
| 260 |
|
|
|a Cambridge
|b Cambridge University Press
|c 1999
|
| 300 |
|
|
|a 358p.
|
| 600 |
|
|
|a History
|
| 600 |
|
|
|a History South East Asia
|
| 852 |
|
|
|h 959
|i NIC/C
|p 026378
|9 675.00
|t 0
|
| 852 |
|
|
|k Reference
|h 959
|i NIC/C
|p 034813
|9 675.00
|t 0
|
| 942 |
|
|
|c BK
|
| 942 |
|
|
|c REF
|
| 999 |
|
|
|c 6594
|d 6594
|
| 952 |
|
|
|0 0
|1 0
|4 0
|6 959_000000000000000_NIC_C
|7 0
|9 10005
|a SSUS
|b SSUS
|d 2015-01-08
|g 675.00
|l 1
|o 959 NIC/C
|p 026378
|r 2017-09-13
|s 2017-08-17
|v 0.00
|w 2015-01-08
|y BK
|
| 952 |
|
|
|0 0
|1 0
|4 0
|6 R_959_000000000000000_NIC_C
|7 0
|9 10006
|a SSUS
|b SSUS
|d 2015-01-08
|g 675.00
|o R 959 NIC/C
|p 034813
|r 2015-01-08
|v 0.00
|w 2015-01-08
|y REF
|